[Event "ROM-ch U08"]
[Site "Calimanesti"]
[Date "2018.03.30"]
[Round "5"]
[White "Sachilaru, Stefan"]
[Black "Diaconu, Alexandru Andrei"]
[Result "0-1"]
[WhiteElo "1001"]
[BlackElo "1001"]
[PlyCount "120"]
[EventDate "2018.03.27"]
[EventType "swiss"]
[EventRounds "9"]
[EventCountry "ROU"]
[SourceTitle "CBM 183 Extra"]
[Source "ChessBase"]
[SourceDate "2018.04.19"]
[SourceVersion "1"]
[SourceVersionDate "2018.04.19"]
[SourceQuality "1"]

1. e4 d5 2. exd5 Qxd5 3. Nc3 Qa5 4. Bb5+ c6 5. Ba4 Nf6 6. Nf3 Bd7 7. 0-0 e5 8. d3 Bg4 9. Bg5 Nbd7 10. Qd2 Nc5 11. Ne4 Qxd2 12. Nexd2 Nxa4 13. Nxe5 Bh5 14. Ndc4 Be7 15. Na5 Nxb2 16. Nxb7 Rb8 17. Na5 Rb5 18. Nac4 Nxc4 19. Nxc4 Rxg5 20. Nd2 0-0 21. h4 Rg6 22. Rab1 Nd5 23. Rb2 h6 24. Rfb1 Nc3 25. Re1 Bxh4 26. Re5 Bf6 27. Rxh5 Ne2+ 28. Kf1 Bxb2 29. Kxe2 Bc3 30. Rc5 Bxd2 31. Kxd2 Rc8 32. Ra5 Rc7 33. Re5 Rxg2 34. Re8+ Kh7 35. Ke3 h5 36. Re4 Rb7 37. Rh4 g6 38. a4 Kh6 39. a5 a6 40. Rf4 f5 41. Kf3 Rg1 42. c4 Ra1 43. d4 Rxa5 44. d5 cxd5 45. cxd5 Rxd5 46. Kg3 Ra7 47. f3 a5 48. Ra4 Rd3 49. Kf4 h4 50. Ke5 Rxf3 51. Rxh4+ Kg5 52. Ra4 Rg3 53. Rf4 Rg4 54. Rxg4+ fxg4 55. Kd5 a4 56. Kc4 a3 57. Kb5 a2 58. Kb6 a1Q 59. Kc5 Qf6 60. Kc4 Qf5 0-1

[Event "ROM-ch U08"]
[Site "Calimanesti"]
[Date "2018.03.28"]
[Round "2"]
[White "Matei Catruna, Andrei"]
[Black "Sachilaru, Stefan"]
[Result "1-0"]
[WhiteElo "1002"]
[BlackElo "1001"]
[PlyCount "56"]
[EventDate "2018.03.27"]
[EventType "swiss"]
[EventRounds "9"]
[EventCountry "ROU"]
[SourceTitle "CBM 183 Extra"]
[Source "ChessBase"]
[SourceDate "2018.04.19"]
[SourceVersion "1"]
[SourceVersionDate "2018.04.19"]
[SourceQuality "1"]

1. e4 e5 2. Nf3 Nf6 3. Nxe5 Qe7 4. Nf3 Qxe4+ 5. Qe2 Qxe2+ 6. Bxe2 Nd5 7. Nc3 Nxc3 8. dxc3 Bd6 9. 0-0 0-0 10. h3 Nc6 11. Re1 Ne5 12. Nxe5 Bxe5 13. Be3 d6 14. Rad1 Bf5 15. Bd3 Bxd3 16. Rxd3 c5 17. f4 Bf6 18. Rxd6 Bh4 19. Red1 Be7 20. Rd7 Rfe8 21. Rxb7 Bf6 22. Bxc5 Rac8 23. Bd4 Rcd8 24. Rxa7 Bxd4+ 25. cxd4 Rd6 26. Ra5 Rxd4 27. Rxd4 Re1+ 28. Kf2 Re8 1-0